| 000 | 00914nam a2200193 i 4500 | ||
|---|---|---|---|
| 001 | 75886 | ||
| 003 | ES-MaACL | ||
| 005 | 20250818131141.0 | ||
| 008 | 040928s1978 sp 001 0 spa d | ||
| 245 | 0 | 4 |
_aLos grandes enigmas de los tiempos de antaño / _cpresentados por Bernard Michal. |
| 260 |
_a[Madrid : _bCírculo de Amigos de la Historia, _c1978] |
||
| 300 |
_a4 v. ; _c18 cm. |
||
| 505 | 0 | _a1. Los cátaros, Valmy: ¿auténtica batalla o acción amañada?. El asesinato de Lincoln - 2. En busca del santo Grial. El niño del Temple. El fin del Canadá francés - 3. El asesinato de Concini. El secuestro del duque de Enghien. Las barricadas de la Comuna - 4. Un pleito de herencia. La noche de San Bartolomé. El armario de hierro | |
| 650 | 7 |
_aHistoria universal _2embne _913429 |
|
| 700 | 1 |
_aMichal, Bernard. _980865 |
|
| 700 | 2 |
_a _9241870 |
|
| 852 |
_aES-MaACL _jA-8757-60 |
||
| 999 |
_c75886 _d75886 |
||